| Tag |
First Indicator |
Second Indicator |
Subfields |
| LEADER |
00000cam a2200000 4500 |
| 001 |
in00000034942 |
| 005 |
20151007063448.0 |
| 008 |
750804s1949 nyua b 00000 eng u |
| 010 |
|
|
|a agr49000448
|
| 035 |
|
|
|a (OCoLC)01506417
|
| 035 |
|
|
|9 AAD7459AM
|
| 040 |
|
|
|c DZM
|d TXA
|d UtOrBLW
|
| 049 |
|
|
|a TXAM
|c [173933]
|
| 050 |
0 |
0 |
|a SB186
|b .W63
|
| 082 |
0 |
|
|a 631.86
|
| 092 |
|
|
|a 631.86
|b W636m
|
| 100 |
1 |
|
|a Wickenden, Leonard.
|
| 245 |
1 |
0 |
|a Make friends with your land ;
|b a chemist looks at organiculture /
|c With a foreword by Joseph W. Frazer. Illus. by E.W. Bartlett.
|
| 250 |
|
|
|a [1st ed.].
|
| 264 |
|
1 |
|a New York :
|b Devin-Adair Co.,
|c [1949]
|
| 264 |
|
4 |
|c [©1949]
|
| 300 |
|
|
|a vii, 132 pages :
|b illustrations ;
|c 22 cm.
|
| 336 |
|
|
|a text
|b txt
|2 rdacontent
|
| 337 |
|
|
|a unmediated
|b n
|2 rdamedia
|
| 338 |
|
|
|a volume
|b nc
|2 rdacarrier
|
| 504 |
|
|
|a Bibliography: pages 131-132.
|
| 650 |
|
0 |
|a Field crops.
|
| 650 |
|
0 |
|a Compost.
|
| 650 |
|
0 |
|a Plant diseases.
|
| 650 |
|
0 |
|a Fertilizers.
|
| 999 |
|
|
|a MARS
|
| 999 |
f |
f |
|s be1a8176-9b40-35b9-83f1-606ff2eaa411
|i ff330aa9-3e35-3c75-9073-380542302c78
|t 0
|
| 952 |
f |
f |
|p ric
|a Texas A&M University
|b Rellis Campus
|c Joint Library Facility
|d Remote Storage
|t 0
|e SB186 .W63
|h Library of Congress classification
|i unmediated -- volume
|m A14801069486
|
| 998 |
f |
f |
|a SB186 .W63
|t 0
|l Remote Storage
|